| 000 | 00523nam a22001817a 4500 | ||
|---|---|---|---|
| 999 |
_c4216 _d4216 |
||
| 003 | GBCCL | ||
| 005 | 20241126110514.0 | ||
| 008 | 180116b xxu||||| |||| 00| 0 eng d | ||
| 020 | _a0515054437 | ||
| 040 | _cgbc | ||
| 082 |
_a813.54 _bGAN |
||
| 100 |
_aGann, Ernest K. _98008 |
||
| 245 |
_aMasada: _bA novel of love, courage and the triumph of the human spirit / _cErnest K. Gann |
||
| 260 |
_aNew York: _bJove Publications, Inc., _c1981 |
||
| 300 |
_a316 p.; _c18 cm. |
||
| 650 |
_aEnglish Fiction _99817 |
||
| 942 |
_2ddc _cBK |
||